| 000 | 00782nam a2200229 a 4500 | ||
|---|---|---|---|
| 005 | 20240914063742.0 | ||
| 008 | 991125s1973 mx 000 0 spa u | ||
| 035 | _aUPN01000000842 | ||
| 049 | _aCG | ||
| 050 | 4 |
_aHF5549 _bA3.7 LE |
|
| 245 | 0 | 0 |
_aAdministración de recursos humanos : _bcuaderno de ejercicios / _ccoord. Fernando Arias Galicia. |
| 260 |
_aMéxico : _bTrillas, _c1973. |
||
| 300 | _a76 p. | ||
| 440 | 0 | _aBiblioteca de ciencias de la administración | |
| 590 | _a(También localizas un ejemplar en el "Area de Reserva") | ||
| 590 | _aBibliografía Básica (BGTQ) | ||
| 650 | 4 |
_aAdministración _vManuales _9426 |
|
| 650 | 4 |
_aPERSONAL - _xDIRECCION _911025 |
|
| 650 | 2 |
_aRecursos humanos _99244 |
|
| 700 | 1 |
_aArias Galicia, L. Fernando _ecoord. _928747 |
|
| 905 | _aLibro | ||
| 999 |
_c842 _d842 |
||